000 00566nam a2200157 4500
008 170519b xxu||||| |||| 00| 0 eng d
020 _a0-15-503547-9 (pbk)
082 _21996
_aDC 345.05
_bIn2
100 _920919
_aInciardi, James A.
245 _aExamining the justice process :
_ba reader/
_cJames A. Inciarde.
260 _aFort Worth :
_bHarcourt Brace College Pub.,
_cc1996.
300 _avii, 488 pages ;
_c24 cm.
500 _aIncludes bibliographical references.
650 0 _920920
_aAdministration of criminal justice -- United States.
942 _2ddc
_cDC
999 _c6907
_d6907